| 000 | 00750nam a2200229 a 4500 | ||
|---|---|---|---|
| 001 | 000018467 | ||
| 005 | 20200929165818.0 | ||
| 008 | 100510s1944 sp 000 p spa d | ||
| 040 |
_aDO-SdBNP _bspa |
||
| 082 |
_a861.5 _bZ88p |
||
| 100 | 1 |
_aZorrilla, José, _d1817-1893 _94939 |
|
| 245 | 1 | 0 |
_aPoesías / _cZorrilla ; edición y notas de Narciso Alonso Cortés. |
| 260 |
_aMadrid : _bEspasa-Calpe,. |
||
| 490 | 1 |
_aClásicos castellanos _v63 |
|
| 504 | _aIncluye referencias bibliográficas y notas al pie de las páginas | ||
| 650 | 4 |
_aPoesía española _9631 |
|
| 650 | 4 |
_aLiteratura española _9632 |
|
| 700 | 1 |
_aCortés, Narciso Alnso, _eed. _d1875-1972 _939956 |
|
| 830 | 0 |
_aClásicos castellanos ; _v63 _94180 |
|
| 910 | _aWM | ||
| 049 | _aBNGR | ||
| 999 |
_c17987 _d17987 |
||